000 00329nam a22001457a 4500
008 221010b ||||| |||| 00| 0 eng d
020 _a013128603X
041 _aeng
080 _a721
082 _a721 BAL
100 _a20.2
101 _aNDER
245 _aCHEMICAL ENGINEERING THERMODYNAMICS
_cBALZHISER
942 _2udc
_cBK
999 _c58453
_d58453